1597 1665 1595 1330 1664 1236 1542 1740 1862 1471 1459 1532 1680 1689 1429 1950 1172 1385 1306 1538 1468 1805 1692 1799 1187 1867 1940 1409 1420 1908 1530 1875 1471 1468 1974 1748 1781 1451 1096 1025 1520 1932 1290 1078 1439 1559 1843 1670 1693 1091 1145 1108 1391 1399 1809 1773 1317 1788 1045 1318 1852 1453 1311 1007 1261 1670 1939 1333 1337 1819 1158 1474 1296 1083 1128 1826 1280 1675 1401 1595 1782 1069 1043 1050 1135 1527 1460 1770 1263 1097 1255 1371 1201 1126 1729 1264 1987 1230 1736 BCNSPRNW ULIB Ver.6.0+V

เปลี่ยนเป็นภาษาไทย

Change to English
 แสดงรายละเอียดบรรณานุกรม
  กลับหน้าหลัก

Brief Record : Get Marc (ISO 2709) : E-mail record : QR code < ปิดหน้าต่าง
LEADER : 00000nam 2200000uu 4500
001    13399123850
003     ULIB
008    141208s||||||||th 000 0 tha d
020    ^a9789749391921
099    ^aนว^bส988บ
100 0  ^aโสภี พรรณราย
245 00 ^a เหลี่ยมเพชรกะรัต^cโสภี พรรณราย
260    ^aกรุงเทพ :^bbeauty,^c2549
945    ^p270^l0^i019195
999    ^aกมลทิพย์ ธนสารสุธี
รายการนี้ยังไม่มีแท็ก
คุณยังไม่ได้ล็อกอิน คุณสามารถมีกิจกรรมร่วมกับเว็บไซต์ได้ แต่ต้องล็อกอินก่อน ::
  ล็อกอิน

รายการสื่อสารสนเทศ

ลำดับที่ ประเภท เลขเรียก/บาร์โค้ด สถานที่ สถานะ
1. นวนิยาย
นวนิยาย
นว ส988บ ฉ.1 
  Barcode: 019195
ห้องสมุดวิทยาเขตนครสวรรค์
►นวนิยาย:l:Fiction
บนชั้น

รายการใกล้เคียง
    ผู้แต่ง [โสภี พรรณราย]

BibComment


ยังไม่เคยถูกคอมเมนท์

คอมเมนท์ทรัพยากรรายการนี้
  คอมเมนท์: เหลี่ยมเพชรกะรั..


 Copyright 2026. Bcnsprnw @Library